| 000 | 00574nam a2200121Ia 4500 | ||
|---|---|---|---|
| 008 | 220620s9999||||xx |||||||||||||| ||und|| | ||
| 245 | 0 | _aPlayers and Arenas | |
| 546 | _aEnglish[eng] | ||
| 650 | _aPerforming arts||Film history, theory & criticism||Electronic, holographic & video art | ||
| 700 | _aJasper, James M||Duyvendak, Jan Willem | ||
| 856 | _uhttps://library.oapen.org/bitstream/20.500.12657/24464/1/1005651.pdf||https://library.oapen.org/bitstream/20.500.12657/24464/1/1005651.pdf||https://library.oapen.org/bitstream/20.500.12657/24464/1/1005651.pdf | ||
| 942 | _cEB | ||
| 999 |
_c25652 _d25652 |
||